| 000 | 00645nam a2200217Ia 4500 | ||
|---|---|---|---|
| 003 | BUBTL | ||
| 008 | 151213s9999 xx 000 0 und d | ||
| 082 | _a808.06651021/ B9342b/ 1979 | ||
| 100 |
_aBurnett, Mary Joyce _94867 |
||
| 245 |
_aBusiness English : a communicative approach / _cMary Joyce Burnett, Alta Dollar |
||
| 250 | _a1st Edn | ||
| 260 |
_aBoston _bAllyn and Bacon _cc1979 |
||
| 300 |
_a439p. : _b21 cm |
||
| 500 | _aIncludes index | ||
| 650 | _aEnglish Language | ||
| 650 | _a | ||
| 700 |
_aMary Joyce Burnett, Alta Dollar _94868 |
||
| 856 |
_k0 _l0 _yDownload |
||
| 942 |
_2ddc _cBK |
||
| 999 |
_c3460 _d3460 |
||